Ведомости о снабжении железнодорожными материалами, сводки о работах и сделанных распоряжениях по перевозкам на Западный, Юго-За...

Доступно только в Электронных читальных залах Найти на картеНа карте
RUSMARC
00003716nac2a22002531x 450
00104af35fc-3bcc-4586-9e50-704779ade1e6
00520160329074014.0
100##$a20160113l19201920k y0rusy50 ca
1010#$arus
102##$aRU
105##$ay z |||||
1222#$ad19200523
$ad19201228
2001#$aВедомости о снабжении железнодорожными материалами, сводки о работах и сделанных распоряжениях по перевозкам на Западный, Юго-Западный и Южный фронты и бюллетень Главного Политического Управления НКПС
$j23 мая - 28 декабря 1920
215##$a61 лист
251##$cДело
300##$aРукописный и машинописный текст
330##$aВходит в раздел описи: II. Канцелярия. А. Переписка с Наркоматами и другими учреждениями. 16. Народный Комиссариат Путей Сообщения
461#0$1001ad6baeac-e292-4829-90d1-2f4f65796a62
$12001
$aСОВЕТ НАРОДНЫХ КОМИССАРОВ РСФСР (СНК РСФСР)
$1251
$cФонд
$1852
$j130
$gР
462#0$10017393eac8-aea5-4181-b014-0a5beab45138
$12001
$a1920 г.
$vД. 309
$1251
$cОпись
$1852
$j4
60101$3RU\NLR\AUTH\661074810
$aРСФСР
$bСовет Народных Комиссаров
60102$aНКПС. Главное политическое управление
801#0$aRU
$bGA_RF
801#1$aRU
$bНПО Опыт
$c20160113
$2rusmarc
801#2$aRU
$bПБ им. Б.Н. Ельцина
$c20160329
$gRCR
$2rusmarc
852##$aГА РФ
$j309
937##$d69423101
$hПБ
035##$aRuPRLIB51036032
Формат отображения